CRACK DEVELOPMENT OF CONCRETE BEAMS REINFORCED WITH FIBER REINFORCED PLASTIC (FRP) BARS

Bibliographic Details
Main Authors: Muruts, Mulu (Author), Naď, Ľudovít (Author)
Format: Article
Language:English
ISBN:8070993286

MARC

LEADER 00000naa a2200000uu 4500
001 vtls011094305
003 SK-MaSNL
005 20260302110640.0
008 210824|1998 xo |||||||||||||||||eng|
015 |a SNBRA 
035 |a (urnnbn)urn:nbn:sk:snk:ar-a0ct0o 
035 |a (uuid)219922fc-fed7-4b34-a2f3-27394ff045f0 
035 |a urn:nbn:sk:snk-aavyo5 
040 |a SNKBUCL  |b slo  |c SNKBUCL  |e AACR2 
041 0 |a eng 
044 |a xo  |c SK 
100 1 |a Muruts, Mulu  |4 aut  |9 527802 
245 1 0 |a CRACK DEVELOPMENT OF CONCRETE BEAMS REINFORCED WITH FIBER REINFORCED PLASTIC (FRP) BARS  |c Mulu MURUTS, Ľudovít Naď 
700 1 |a Naď, Ľudovít  |4 aut  |9 273344 
773 0 |t Concrete and concrete structures : proceedings of the international conference held by Faculty of civil engineering ..., Košice, Slovakia, April 23-24, 1998  |d Košice : Technical University, 1998  |g S. 165-169  |z 8070993286 
958 |a OND 
958 |a article12 
958 |a chapter 
999 |c 1244331  |d 1246261